Влияние дополнительной камеры на энергетические параметры и рабочий процесс молотков с микрозолотниковым воздухораспределением; Технический прогресс в машиностроении

Մատենագիտական մանրամասներ
Parent link:Технический прогресс в машиностроении.— 1972.— С. 261-265
Հիմնական հեղինակ: Бабуров В. И.
Այլ հեղինակներ: Глазов А. Н. Алкон Наумович, Погожев А. М.
Լեզու:ռուսերեն
Հրապարակվել է: 1972
Խորագրեր:
Ձևաչափ: MixedMaterials Գրքի գլուխ
KOHA link:https://koha.lib.tpu.ru/cgi-bin/koha/opac-detail.pl?biblionumber=594663

MARC

LEADER 00000naa0a2200000 4500
001 594663
005 20250212154626.0
035 |a (RuTPU)RU\TPU\tpu\11398 
035 |a RU\TPU\tpu\11397 
090 |a 594663 
100 |a 20030910d1972 k y0rusy50 ca 
101 0 |a rus 
102 |a RU 
200 1 |a Влияние дополнительной камеры на энергетические параметры и рабочий процесс молотков с микрозолотниковым воздухораспределением  |f В. И. Бабуров, А. Н. Глазов, А. М. Погожев 
463 |t Технический прогресс в машиностроении  |o доклады IV научно-технической конференции  |v С. 261-265  |d 1972 
610 1 |a вохдухораспределение 
610 1 |a дополнительные камеры 
610 1 |a исследование 
610 1 |a энергетические параметры 
610 1 |a труды учёных ТПУ 
700 1 |a Бабуров  |b В. И. 
701 1 |a Глазов  |b А. Н.  |c российский специалист в области горного машиностроения  |c доцент Томского политехнического университета, кандидат технических наук  |f 1941-  |g Алкон Наумович  |3 (RuTPU)RU\TPU\pers\25459 
701 1 |a Погожев  |b А. М. 
801 1 |a RU  |b 63413507  |c 20030910  |g PSBO 
801 2 |a RU  |b 63413507  |c 20111123  |g PSBO 
942 |c BK